| 000 | 00668nam a22002177a 4500 | ||
|---|---|---|---|
| 003 | 0 | ||
| 005 | 20251111160623.0 | ||
| 008 | 251111b xxu||||| |||| 00| 0 eng d | ||
| 020 | _a978-0-7515-3895-3 | ||
| 050 |
_aGV 1051.M6 _b.M34 2008 |
||
| 100 |
_aMcGregor, Ewan, _eauthor. |
||
| 245 |
_aLong way down / _cEwan McGregor and Charley Boorman with Jeff Gulvin. |
||
| 260 |
_aLondon : _bSphere, _c2008. |
||
| 650 |
_aMotorcycles _xBiography |
||
| 650 |
_aAdventure travel _zEurope. |
||
| 650 | _aTravel diaries. | ||
| 650 |
_aMotorcycles _xTravel _zEurope _vNonfiction. |
||
| 700 |
_aBoorman, Charley, _eauthor. |
||
| 700 |
_aGulvin, Jeff, _eauthor. |
||
| 942 |
_2lcc _cBK |
||
| 999 |
_c368597 _d368597 |
||